000
00305nam a2200133Ia 4500
008
240624s9999 xx 000 0 und d
041
_a
eng
082
_a
823 SHA
100
_a
SHAMSIE KAMILA
245
_a
BROKEN VERSES
260
_c
2006
_a
New Delhi
_b
Bloomsbury
300
_a
352 : p.
365
_c
RS
_b
30
999
_c
28447
_d
28447